000 04072nam a22004337a 4500
005 20100728155438.0
010 _aHIN-89871 B-438440-453
020 _a9788170168850
_c250.00
035 _aHN-62217 B-438440-453
037 _bDBAD / PUB
037 _bAllied Pub/Ven
082 _a
100 _aचौहान, निर्मला
_928901
245 _aखुले आकाश में उड़ते परिंदे:
_bउपन्यास /
_cनिर्मला चौहान
246 _aKhule Aakash Mein Urte Parinde
_bby Nirmala Chauhan
260 _aनई दिल्ली
_bकिताबघर
_c2010
270 _a24/4855, अंसारी रोड़, दरियागंज
_bनई दिल्ली
_e110002
300 _a168पृ.
_c22सेमी (सजिल्द)
650 _bहिन्दी कथा साहित्य
_9657
650 _aहिन्दी कथा साहित्य
_9657
650 _aHindi Fiction
_928902
942 _2ddc
_cHN
_h
_mचौहान
999 _c38124
_d38124